000 00541nam a22001697a 4500
003 OSt
005 20260220160102.0
008 260220b |||||||| |||| 00| 0 eng d
040 _cMRSPTU
041 _aEnglish
100 _aAnmolveer Singh Dhillon, Supervisor: Gurprit Singh Bath
245 _aEffect of Cube Size on the Compressive Strength of Cement
260 _bDepartment of Civil Engg. MRSPTU, Bathinda
_c2017
650 _aCivil Engineering
856 _uhttp://163.47.215.52:8080/jspui/handle/123456789/223
942 _2ddc
_cTH
_n0
999 _c10976
_d10976